书目信息 |
| 题名: |
检测技术与仪表
|
|
| 作者: | 王俊杰 主编 | |
| 分册: | ||
| 出版信息: | 武汉 武汉理工大学出版社 2009.01 |
|
| 页数: | 427页 | |
| 开本: | 26cm | |
| 丛书名: | 普通高等学校自动化类专业新编系列教材 | |
| 单 册: | ||
| 中图分类: | TH89 | |
| 科图分类: | ||
| 主题词: | 检测--技术 , 俭测仪表 , 俭测仪表 | |
| 电子资源: | ||
| ISBN: | 978-7-5629-1852-3 | |
| 000 | 00933nam2 2200289 45 | |
| 001 | 1153531642 | |
| 005 | 20111216153842.57 | |
| 010 | @a978-7-5629-1852-3@dCNY37.00 | |
| 100 | @a20040920d2009 em y0chiy0121 ea | |
| 101 | 0 | @achi |
| 102 | @aCN@b420000 | |
| 105 | @aak z 000yy | |
| 200 | 1 | @a检测技术与仪表@Ajian ce ji shu yu yi biao@dMeasurement technology and automation instrumentation@f王俊杰主编@zeng |
| 205 | @a第2版 | |
| 210 | @a武汉@c武汉理工大学出版社@d2009.01 | |
| 215 | @a427页@c图, 表格@d26cm | |
| 225 | 2 | @a普通高等学校自动化类专业新编系列教材 |
| 320 | @a本书含附录与参考文献 | |
| 410 | 0 | @12001 @a普通高等学校自动化类专业新编系列教材 |
| 510 | 1 | @aMeasurement technology and automation instrumentation@zeng |
| 606 | 0 | @a检测@x技术 |
| 606 | 0 | @a俭测仪表 |
| 606 | 0 | @a俭测仪表 |
| 690 | @aTH89@v4 | |
| 701 | 0 | @a王俊杰@Awang jun jie@4主编 |
| 801 | 0 | @aCN@bQSSKlw@c20110325 |
| 905 | @a10447@dTH89@eW230 | |
| 检测技术与仪表=Measurement technology and automation instrumentation/王俊杰主编.-第2版.-武汉:武汉理工大学出版社,2009.01 |
| 427页:图, 表格;26cm.-(普通高等学校自动化类专业新编系列教材) |
| ISBN 978-7-5629-1852-3:CNY37.00 |
| ● |
| 相关链接 |
|
|
|
正题名:检测技术与仪表
索取号:TH89/W230
 
预约/预借
| 序号 | 登录号 | 条形码 | 馆藏地/架位号 | 状态 | 备注 |
| 1 | 462574 | 204625744 | 期刊室512/501自科库 135排5列4层/ [索取号:TH89/W230] | 在馆 | |
| 2 | 462575 | 204625753 | 期刊室512/501自科库 135排5列4层/ [索取号:TH89/W230] | 在馆 | |
| 3 | 462576 | 204625762 | 期刊室512/501自科库 135排5列4层/ [索取号:TH89/W230] | 在馆 | |
| 4 | 462577 | 204625771 | 期刊室512/501自科库 135排5列4层/ [索取号:TH89/W230] | 在馆 | |
| 5 | 462578 | 204625780 | 期刊室512/501自科库 135排5列4层/ [索取号:TH89/W230] | 在馆 | |
| 6 | 471488 | 204714880 | 期刊室512/501自科库 135排5列4层/ [索取号:TH89/W230] | 在馆 | |
| 7 | 471489 | 204714899 | 期刊室512/501自科库 135排5列4层/ [索取号:TH89/W230] | 在馆 | |
| 8 | 471490 | 204714906 | 期刊室512/501自科库 135排5列4层/ [索取号:TH89/W230] | 在馆 | |
| 9 | 471548 | 204715488 | 期刊室512/501自科库 135排5列4层/ [索取号:TH89/W230] | 在馆 | |
| 10 | 471549 | 204715497 | 自科库501/501自科库 135排5列4层/ [索取号:TH89/W230] | 在馆 | |
| 11 | 475278 | 204752785 | 期刊室512/501自科库 135排5列4层/ [索取号:TH89/W230] | 在馆 | |
| 12 | 475279 | 204752794 | 期刊室512/501自科库 135排5列4层/ [索取号:TH89/W230] | 在馆 |